Vzorové pravidlá vnútropodnikového chozrasčotu poľnohospodárskych podnikov

Bibliographic Details
Format: Book
Language:Slovak
PhysicalDescription:38 s., [5] s. príl. 20 cm
Published: Bratislava Výskumný ústav ekonomiky poľnohospodárstva a potravinárstva 1987
Subjects:

MARC

LEADER 00000nam a2200000 a 4500
001 vtls008300947
003 SK-MaSNL
005 20260301020055.0
008 210928s1987 xo f f 000 0 slo
020 |q (brož.) 
040 |a SNK  |b slo  |c SNK  |e AACR2 
041 0 |a slo 
044 |a xo  |c SK 
072 7 |a 658  |x Riadenie a správa podniku  |2 konspekt 
080 |a 005.216:658.14/.17  |2 MDT-MRF 
080 |a 658.14/.17  |2 MDT-MRF 
080 |a 657.41/.45  |2 MDT-MRF 
080 |a 631.11  |2 MDT-MRF 
080 |a (094.5)  |2 MDT-MRF 
080 |a (072)  |2 MDT-MRF 
245 0 0 |a Vzorové pravidlá vnútropodnikového chozrasčotu poľnohospodárskych podnikov 
260 |a Bratislava  |b Výskumný ústav ekonomiky poľnohospodárstva a potravinárstva  |c 1987 
300 |a 38 s., [5] s. príl.  |c 20 cm 
506 |a 2000 výt. Nepredajné 
650 0 7 |a finančná analýza  |2 SNKPH  |9 3482 
650 0 7 |a finančný manažment  |2 SNKPH  |9 928 
650 0 7 |a finančné plánovanie  |2 SNKPH  |9 4346 
650 0 7 |a podnikové financie  |2 SNKPH  |9 4308 
650 0 7 |a poľnohospodárske podniky  |2 SNKPH  |9 4194 
655 7 |a právne predpisy  |2 SNKPH  |9 70481 
655 7 |a metodické príručky  |2 SNKPH  |9 70250 
958 |a OND 
999 |c 562177  |d 564107 
952 |a SNK  |b SNK  |y PREZ  |7 0  |p 17A0474359  |o snkSD 75123  |i snk2005/16378  |8 1  |0 0  |1 0  |4 0  |d 2005-10-04  |l 0  |r 2025-11-24 00:00:00  |w 2026-02-23